000 00516nam a2200181Ia 4500
005 20250326125220.0
008 250326s9999 xx 000 0 und d
037 _aTextbook
040 _aFMSL
_beng
_cFMSL
041 _aeng
_2eng
084 _aX5:54.56 L1
_qFMSL
100 _aHan S S
_9250413
245 0 _aBritian and the common market
_cHan S S; Liesner H H
260 _aLondon
_bLondon, Cambridge University
_c1971
300 _a116p
942 _cTB
_hX5:54.56 L1
999 _c1277048
_d1277048